000 00412nam a2200157Ia 4500
008 090123s9999 xx 000 0 und d
082 _b3679
_a923.254/फडके
245 _aस्मृती
250 _a1
260 _bआराधना मु.
_c1974
300 _a155
630 _aस्मृती
700 _aफडके कमलिनी
730 _aस्मृती
942 _cBOOK
999 _c41758
_d41758